000 00193 a2200097 4500
020 _a9788420470849
041 _aspa
100 _aNovik,Naomi
245 _aEl dragon de su majestad
942 _cBK
999 _c11493
_d11493